<?xml version="1.0" encoding="UTF-8"?><OAI-PMH xmlns="http://www.openarchives.org/OAI/2.0/" xmlns:xsi="http://www.w3.org/2001/XMLSchema-instance"     xsi:schemaLocation="http://www.openarchives.org/OAI/2.0/ http://www.openarchives.org/OAI/2.0/OAI-PMH.xsd"><responseDate>2026-06-06T13:33:40Z</responseDate><request verb="GetRecord" identifier="oai:regmurcia.com:fintegr.255" metadataPrefix="marc21">http://oai.regmurcia.com/oai2/oai2.php</request><GetRecord><record><header><identifier>oai:regmurcia.com:fintegr.255</identifier><datestamp>2026-06-06</datestamp><setSpec>documentos</setSpec></header><metadata><record  xmlns="http://www.loc.gov/MARC21/slim" xmlns:xsi="http://www.w3.org/2001/XMLSchema-instance" xsi:schemaLocation="http://www.loc.gov/MARC21/slim http://www.loc.gov/standards/marcxml/schema/MARC21slim.xsd" type="Bibliographic"><leader>00000nam a2200000   4500</leader><controlfield tag="001" >005129664</controlfield><controlfield tag="003" >255</controlfield><controlfield tag="004" >A00000000</controlfield><datafield tag="245" ind1=" " ind2=" "><subfield code="a">Cédula de Enrique IV a Alfonso de Almaraz, corregidor de Cartagena, notificando que envía a Diego de Cueva como alcaide del castillo de Cartagena.</subfield></datafield><datafield tag="300" ind1=" " ind2=" "><subfield code="c">145 x 215 mm.</subfield></datafield><datafield tag="351" ind1=" " ind2=" "><subfield code="a">Unidad Documental</subfield><subfield code="c">Archivo de Murcia. Array</subfield><subfield code="a">Unidad Documental</subfield><subfield code="c">Archivo de Murcia. Array</subfield></datafield><datafield tag="351" ind1=" " ind2=" "><subfield code="b">Nº 122</subfield></datafield><datafield tag="506" ind1=" " ind2=" "><subfield code="a">Acceso restringido</subfield></datafield><datafield tag="510" ind1=" " ind2=" "><subfield code="a">Pub. MOLINA GRANDE, Mª C. Documentos de Enrique IV. Murcia: . Academia Alfonso X El Sabio, 1988, p.24-25</subfield></datafield><datafield tag="520" ind1=" " ind2=" "><subfield code="a">Enrique IV notifica al corregidor Alfonso de Almaraz, que envía a Diego Cueva, su vasallo, como alcaide del castillo de Cartagena y le manda que le dé todo su apoyo.</subfield></datafield><datafield tag="583" ind1=" " ind2=" "><subfield code="u">http://www.regmurcia.com/servlet/s.Sl?METHOD=VERDOCUMENTO&amp;sit=serv,Carmesi&amp;n=/01/852/indice.djvu</subfield></datafield><datafield tag="592" ind1=" " ind2=" "><subfield code="a">1455-05-25</subfield></datafield><datafield tag="592" ind1=" " ind2=" "><subfield code="d">1455-05-25 00:00:00</subfield></datafield><datafield tag="651" ind1=" " ind2=" "><subfield code="a">Córdoba</subfield></datafield><datafield tag="786" ind1=" " ind2=" "><subfield code="o">http://www.regmurcia.com/servlet/s.Sl?METHOD=VERDOCUMENTO&amp;sit=serv,Carmesi&amp;n=/01/852/indice.djvu</subfield></datafield><datafield tag="856" ind1=" " ind2=" "><subfield code="u">http://www.regmurcia.com/servlet/s.Sl?METHOD=DETALLE&amp;sit=c,373,m,139,serv,Carmesi&amp;id=255</subfield></datafield></record></metadata></record></GetRecord></OAI-PMH>
